000 01042nab a2200301 u 4500
001 14967
003 HDC
007 cr bn ---aaaaa
008 210201b20140423my ||||| |||| 00| 0 may d
040 _aHDC
100 _aFazurawati Che Lah,
_eauthor
_98228
245 0 _aUMT angkat cucur atap /
_cFazurawati Che Lah
260 _aKuala Lumpur :
_bThe New Straits Times Press (M) Bhd.,
_c2014
300 _a1 online resource
336 _atext
_2rdacontent
337 _acomputer
_2rdamedia
338 _aonline resource
_2rdacarrier
650 _aCosmetic
_94803
650 _aEconomic development project
_zMalaysia
_96036
650 _aFood industry and trade.
_9140
650 _aSmall business
_9208
700 _aWan Ahmad Makki Mashor,
_eauthor
_915313
710 _aHarian Metro,
_eissung body
856 _zRequest full-text at [email protected]
942 _2lcc
942 _cNEWS
942 _kNWSC 003235
999 _c12283
_d12283